[Event "Gibraltar Challengers A 2020"]
[Site "Caleta"]
[Date "2020.01.21"]
[Round "3.28"]
[White "Kunnavakkam, Sudarshanagopal Vin"]
[Black "Verhoef, Jaap"]
[Result "1/2-1/2"]
[WhiteElo "1786"]
[BlackElo "2015"]
[Annotator "NA RC"]
[PlyCount "101"]
[EventDate "2020.01.20"]
[EventType "swiss"]
[EventCountry "GGB"]
[SourceTitle "playchess.com"]
[Source "ChessBase"]
[SourceQuality "1"]
[TimeControl "6600+10"]

1. e4 {[%emt 0:00:50]} e5 {[%emt 0:00:00]} 2. d4 {[%emt 0:00:16]} exd4 {[%emt 0:00:00]} 3. c3 {[%emt 0:00:07]} Nf6 {[%emt 0:00:03]} 4. e5 {[%emt 0:02:18]} Ne4 {[%emt 0:00:03]} 5. Nf3 {[%emt 0:03:05]} Nc6 {[%emt 0:00:25]} (5... dxc3 $11 6. Nxc3 Nxc3 7. bxc3 d5) 6. Nxd4 {[%emt 0:04:14] C44: Ponziani Opening and Scotch Gambit} (6. Qe2 d5 7. exd6 f5 8. Nbd2 Bxd6 9. Nxe4 fxe4 10. Qxe4+ Qe7 11. Qxe7+ Bxe7 12. Nxd4 Nxd4 13. cxd4 Be6 14. Be2 O-O-O 15. Be3 Bf6 {0-1 (49) Jones,G (2677)-Le,Q (2715) chess.com INT 2018}) 6... Nxd4 {[%emt 0:07:07]} 7. Qxd4 {[%emt 0:02:18]} d5 {[%emt 0:00:53]} 8. exd6 {[%emt 0:00:20]} Nxd6 {[%emt 0:00:02]} 9. Bf4 $146 {[%emt 0:02:10]} ({Predecessor:} 9. Bd3 Bf5 10. O-O Bxd3 11. Qxd3 Be7 12. Re1 O-O 13. Bf4 Re8 14. Na3 Bf8 15. Nb5 Qd7 16. Nxd6 cxd6 17. Rad1 Qa4 {½-½ (17) Diaz,J-Jimenez Zerquera,E Camaguey 1974}) 9... Be6 {[%emt 0:02:00]} 10. Bd3 {[%emt 0:00:40]} Qc8 {[%emt 0:27:17]} (10... Nc4 $11 {remains equal.}) 11. O-O {[%emt 0:02:17]} c5 {[%emt 0:00:13]} 12. Qe5 {[%emt 0:02:27]} Qc6 {[%emt 0:07:27]} 13. Na3 {[%emt 0:05:24]} Be7 {[%emt 0:01:24]} 14. Rfd1 {[%emt 0:02:14]} O-O {[%emt 0:01:08]} 15. Bg5 {[%emt 0:06:21]} Bxg5 {[%emt 0:04:18]} 16. Bxh7+ {[%emt 0:01:32]} Kxh7 {[%emt 0:00:01]} 17. Rxd6 {[%emt 0:00:07]} Qxd6 {[%emt 0:14:25]} (17... Qc8 $16 18. Qxg5 Rd8 19. Rxd8 Qxd8 20. Qxc5 Qd2) 18. Qxd6 {[%emt 0:00:23]} Rfd8 {[%emt 0:00:02]} 19. Qxc5 {[%emt 0:00:33]} Rd5 {[%emt 0:00:01]} 20. Qb4 {[%emt 0:00:58]} Rad8 {[%emt 0:00:40]} 21. Rf1 {[%emt 0:07:06]} Bf5 {[%emt 0:08:37]} 22. Qxb7 {[%emt 0:03:38]} R8d7 {[%emt 0:00:12]} 23. Qb3 {[%emt 0:00:46]} Bd3 {[%emt 0:00:42]} 24. Ra1 {[%emt 0:01:49]} Be2 {[%emt 0:00:14]} 25. Qc2+ {[%emt 0:02:45]} Bd3 {[%emt 0:00:01]} 26. Qd1 {[%emt 0:00:20]} Bb5 {[%emt 0:03:49]} 27. Qxd5 $2 {[%emt 0:13:30]} ({White should try} 27. Qg4 $18 Bc6 28. Nc2) 27... Rxd5 {[%emt 0:00:06]} 28. c4 {[%emt 0:00:03]} Rd2 {[%emt 0:02:15]} 29. Nxb5 {[%emt 0:00:16]} Rxb2 {[%emt 0:00:16]} 30. Nxa7 {[%emt 0:00:14]} Bf6 {[%emt 0:00:07]} 31. Rc1 {[%emt 0:02:19]} Bd4 {[%emt 0:00:28]} 32. Nc6 {[%emt 0:02:38]} Bxf2+ {[%emt 0:00:09]} 33. Kh1 {[%emt 0:00:06]} Rxa2 {[%emt 0:00:36]} 34. Ne5 {[%emt 0:00:11]} f6 $11 {[%emt 0:01:34]} 35. Nd3 {[%emt 0:00:08]} Be3 {[%emt 0:01:17]} 36. Re1 {[%emt 0:00:33]} Bd2 {[%emt 0:00:14]} 37. Rd1 {[%emt 0:01:14]} Rc2 {[%emt 0:00:09]} 38. g3 {[%emt 0:00:35]} Be3 {[%emt 0:00:01]} 39. Re1 {[%emt 0:00:24]} Bd4 {[%emt 0:00:06]} 40. c5 {[%emt 0:00:20]} Bxc5 {[%emt 0:00:10]} 41. Nxc5 {[%emt 0:00:22]} Rxc5 {[%emt 0:00:01]} 42. Re2 {[%emt 0:00:07]} Rc3 {[%emt 0:00:04]} 43. Kg2 {[%emt 0:00:12]} Kg6 {[%emt 0:00:14]} 44. Ra2 {[%emt 0:00:17]} f5 {[%emt 0:00:19]} 45. h3 {[%emt 0:00:14]} Kh5 {[%emt 0:00:11]} 46. Rf2 {[%emt 0:00:37]} Kg5 {[%emt 0:00:42]} 47. h4+ {[%emt 0:00:26]} Kf6 {[%emt 0:00:01]} 48. g4 {[%emt 0:00:20]} g6 {[%emt 0:00:06]} 49. Rf3 {[%emt 0:01:02]} Rxf3 {[%emt 0:00:08]} 50. Kxf3 {[%emt 0:00:06]} fxg4+ {[%emt 0:00:11]} 51. Kxg4 {[%emt 0:00:05]} 1/2-1/2

[Event "Gibraltar Challengers A 2020"]
[Site "Caleta"]
[Date "2020.01.21"]
[Round "3.29"]
[White "Cannon, Richard J"]
[Black "Patola, Eero"]
[Result "1-0"]
[WhiteElo "1990"]
[BlackElo "1831"]
[Annotator "NA RC"]
[PlyCount "137"]
[EventDate "2020.01.20"]
[EventType "swiss"]
[EventCountry "GGB"]
[SourceTitle "playchess.com"]
[Source "ChessBase"]
[SourceQuality "1"]
[TimeControl "6600+10"]

1. e4 {[%emt 0:01:22]} d5 {[%emt 0:01:19]} 2. Nc3 {[%emt 0:00:07]} d4 {[%emt 0:01:27]} 3. Nce2 {[%emt 0:00:06]} e5 {[%emt 0:02:22]} 4. Ng3 {[%emt 0:00:07]} Nf6 {[%emt 0:00:28]} 5. Nf3 {[%emt 0:00:48]} Nc6 {[%emt 0:03:33]} 6. Bc4 {[%emt 0:00:25] A00: Irregular Openings} h6 {[%emt 0:01:31]} (6... Bd6 7. d3 Be6 8. Bxe6 fxe6 9. O-O O-O 10. c3 Nd7 11. a3 a6 12. cxd4 exd4 13. b4 Qf6 {1-0 (27) Popchev,M (2285)-Stojanovic,D (2304) Valjevo 2016}) 7. O-O {[%emt 0:00:53]} Bd6 {[%emt 0:05:22]} 8. a3 {[%emt 0:00:52]} Qe7 {[%emt 0:07:28]} 9. d3 {[%emt 0:06:00]} g6 {[%emt 0:02:08]} 10. h3 {[%emt 0:06:28]} Be6 {[%emt 0:01:52]} 11. Nd2 $146 {[%emt 0:00:56]} ({Predecessor:} 11. Bxe6 Qxe6 {1-0 (35) Prior,S (1879)-Watson,D (1630) Gatwick 2011}) 11... O-O-O {[%emt 0:03:18]} 12. Bxe6+ {[%emt 0:00:59]} Qxe6 {[%emt 0:00:42]} 13. Nc4 {[%emt 0:00:23]} Be7 {[%emt 0:00:58]} 14. a4 {[%emt 0:04:02]} ({White should play} 14. b4 $11) 14... h5 {[%emt 0:00:23]} 15. b3 {[%emt 0:08:04]} h4 {[%emt 0:01:00]} 16. Ne2 {[%emt 0:00:51]} Nh5 {[%emt 0:01:02]} 17. f4 {[%emt 0:00:47]} f5 {[%emt 0:02:10]} 18. exf5 $1 {[%emt 0:03:39]} gxf5 {[%emt 0:01:03]} 19. fxe5 {[%emt 0:00:30]} Nxe5 {[%emt 0:00:24]} 20. Nf4 {[%emt 0:00:43]} Nxf4 {[%emt 0:01:19]} 21. Bxf4 {[%emt 0:00:09]} Ng6 {[%emt 0:05:19]} 22. Bh2 {[%emt 0:00:38]} Bg5 {[%emt 0:02:53]} (22... Bb4 $1 $11 {remains equal.}) 23. Qf3 {[%emt 0:01:22]} f4 {[%emt 0:04:59]} 24. Rae1 {[%emt 0:00:51]} Qf5 {[%emt 0:02:19]} 25. Qe4 {[%emt 0:16:24]} Qxe4 {[%emt 0:04:05]} 26. Rxe4 {[%emt 0:00:09]} Rhf8 {[%emt 0:00:22]} 27. Ne5 {[%emt 0:02:27]} Ne7 {[%emt 0:11:05]} 28. Nf3 {[%emt 0:07:45]} Bf6 {[%emt 0:01:22]} 29. Bxf4 {[%emt 0:00:26]} Nf5 {[%emt 0:03:35]} 30. Rfe1 {[%emt 0:02:49]} Ng7 {[%emt 0:04:46]} (30... b6 {is a better defense.} 31. b4 Kb7) 31. Bh6 {[%emt 0:02:34]} Rg8 {[%emt 0:04:49]} 32. Bxg7 {[%emt 0:04:36]} Rxg7 {[%emt 0:00:25]} 33. Nxh4 {[%emt 0:00:50]} Rh8 {[%emt 0:03:15]} 34. Re8+ {[%emt 0:01:27]} Rxe8 {[%emt 0:00:25]} 35. Rxe8+ {[%emt 0:00:05]} Kd7 {[%emt 0:00:09]} 36. Re4 {[%emt 0:00:09]} c5 {[%emt 0:01:40]} 37. Nf3 {[%emt 0:00:45]} Kd6 {[%emt 0:02:25]} 38. g4 {[%emt 0:00:35]} a6 {[%emt 0:01:10]} 39. Kf2 {[%emt 0:01:12]} b5 {[%emt 0:01:02]} 40. axb5 {[%emt 0:00:08]} axb5 {[%emt 0:00:25]} 41. Kg3 {[%emt 0:00:25]} Kd5 {[%emt 0:00:15]} 42. Rf4 {[%emt 0:00:56]} Be7 {[%emt 0:04:35]} 43. Rf5+ {[%emt 0:00:18]} Ke6 {[%emt 0:00:20]} 44. b4 {[%emt 0:02:34]} Bd6+ {[%emt 0:01:19]} 45. Kg2 {[%emt 0:00:26]} Rc7 {[%emt 0:00:47]} 46. h4 {[%emt 0:07:11]} Rc8 {[%emt 0:00:56]} 47. h5 {[%emt 0:01:05]} Be7 {[%emt 0:01:09]} 48. bxc5 {[%emt 0:02:34]} Bxc5 {[%emt 0:00:45]} 49. Ng5+ {[%emt 0:00:26]} Ke7 {[%emt 0:00:56]} 50. Ne4 {[%emt 0:01:16]} Ba3 {[%emt 0:01:02]} 51. Rf2 {[%emt 0:04:51]} Rg8 {[%emt 0:02:27]} 52. Kh3 {[%emt 0:00:21]} Bc1 {[%emt 0:00:30]} 53. Kh4 {[%emt 0:01:13]} Be3 {[%emt 0:00:17]} 54. Rf5 {[%emt 0:00:28]} b4 {[%emt 0:00:24]} 55. g5 {[%emt 0:02:05]} Rc8 {[%emt 0:00:41]} 56. Rc5 {[%emt 0:00:28]} Rf8 {[%emt 0:00:13]} 57. Nf6 {[%emt 0:00:24]} Kd6 {[%emt 0:01:22]} 58. Rc4 {[%emt 0:02:20]} Rb8 {[%emt 0:01:11]} 59. h6 {[%emt 0:00:53]} Rb5 {[%emt 0:00:29]} 60. Ne4+ {[%emt 0:00:31]} Ke7 {[%emt 0:00:17]} 61. Rc7+ $18 {[%emt 0:01:44]} (61. h7 $142 Bxg5+ 62. Nxg5 Rb8 {[#]} 63. Rxb4 $1 {[%mdl 512]} Rc8 64. Rb6 Rh8 65. Rg6 Kd7 66. Rg8 Rxh7+ 67. Nxh7) 61... Ke6 {[%emt 0:00:47]} 62. h7 {[%emt 0:00:25]} Rb8 {[%emt 0:00:16]} 63. g6 {[%emt 0:00:16]} Bh6 {[%emt 0:00:21]} 64. Kh5 {[%emt 0:00:34]} Bf4 {[%emt 0:00:25]} 65. Rg7 {[%emt 0:01:42]} Be5 {[%emt 0:01:25]} 66. Rg8 {[%emt 0:00:15]} Rb5 {[%emt 0:00:14]} 67. Kg4 {[%emt 0:00:27]} b3 {[%emt 0:00:14]} 68. cxb3 {[%emt 0:00:15]} Rxb3 {[%emt 0:00:12]} 69. Re8+ {[%emt 0:00:08]} 1-0

[Event "Gibraltar Challengers A 2020"]
[Site "Caleta"]
[Date "2020.01.21"]
[Round "3.30"]
[White "O`neil, Jim"]
[Black "Tkadlecek, Petr"]
[Result "1-0"]
[WhiteElo "1870"]
[BlackElo "1775"]
[Annotator "NA RC"]
[PlyCount "53"]
[EventDate "2020.01.20"]
[EventType "swiss"]
[EventCountry "GGB"]
[SourceTitle "playchess.com"]
[Source "ChessBase"]
[SourceQuality "1"]
[TimeControl "6600+10"]

1. d4 {[%emt 0:07:12]} Nf6 {[%emt 0:00:00]} 2. Nc3 {[%emt 0:00:06]} d5 {[%emt 0:00:19]} 3. Bf4 {[%emt 0:00:06]} c6 {[%emt 0:02:49]} 4. e3 {[%emt 0:00:08]} Bg4 {[%emt 0:01:17]} 5. f3 {[%emt 0:00:54]} Bh5 {[%emt 0:05:17]} 6. g4 {[%emt 0:00:12] D00: 1 d4 d5: Unusual lines} Bg6 {[%emt 0:00:45]} 7. h4 {[%emt 0:00:05]} h6 {[%emt 0:00:13]} 8. Bd3 {[%emt 0:03:16]} Bxd3 {[%emt 0:00:54]} 9. Qxd3 {[%emt 0:00:10]} e6 {[%emt 0:00:27]} 10. O-O-O {[%emt 0:01:36]} Bb4 $146 {[%emt 0:02:00]} ({Predecessor:} 10... Na6 11. Nge2 Qa5 12. Kb1 O-O-O 13. Nc1 {1-0 (69) Romanov,E (2644)-Nurkiewicz,M (2376) Graz 2017}) 11. Nge2 {[%emt 0:01:33]} Nbd7 {[%emt 0:01:37]} 12. a3 {[%emt 0:05:41]} Be7 {[%emt 0:00:38]} 13. Ng3 {[%emt 0:01:11]} Qb6 {[%emt 0:02:47]} 14. g5 {[%emt 0:02:09]} Ng8 {[%emt 0:04:43]} 15. e4 {[%emt 0:11:22]} Qa5 {[%emt 0:05:02]} (15... O-O-O $16) 16. exd5 {[%emt 0:06:00]} cxd5 {[%emt 0:01:58]} 17. Nb5 {[%emt 0:02:29]} Rc8 {[%emt 0:01:20]} 18. Nd6+ {[%emt 0:06:55]} Bxd6 {[%emt 0:00:54]} 19. Bxd6 {[%emt 0:00:07]} Ne7 {[%emt 0:01:56]} 20. Rde1 {[%emt 0:01:41]} hxg5 $2 {[%emt 0:05:09]} (20... Rc6 $14 21. Bxe7 Kxe7) 21. hxg5 {[%emt 0:06:44]} Rh2 $16 {[%emt 0:00:30]} 22. Re2 {[%emt 0:07:08]} Rxh1+ {[%emt 0:06:08]} 23. Nxh1 {[%emt 0:00:06]} Nf5 {[%emt 0:01:11]} 24. Qxf5 {[%emt 0:02:53]} Qa6 {[%emt 0:07:17]} 25. Rxe6+ {[%emt 0:00:38]} Kd8 {[%emt 0:00:24]} 26. Be7+ {[%emt 0:00:40]} Kc7 {[%emt 0:00:29]} 27. Qf4+ {[%emt 0:00:21]} 1-0

[Event "Gibraltar Challengers A 2020"]
[Site "Caleta"]
[Date "2020.01.21"]
[Round "3.31"]
[White "Nergard, Ole-Kristian"]
[Black "Hari Charan Sai Kalluri"]
[Result "0-1"]
[WhiteElo "1667"]
[BlackElo "1836"]
[Annotator "NA RC"]
[PlyCount "90"]
[EventDate "2020.01.20"]
[EventType "swiss"]
[EventCountry "GGB"]
[SourceTitle "playchess.com"]
[Source "ChessBase"]
[SourceQuality "1"]
[TimeControl "6600+10"]

1. e4 {[%emt 0:14:35]} c5 {[%emt 0:00:00]} 2. Nf3 {[%emt 0:00:10]} d6 {[%emt 0:00:00]} 3. Bb5+ {[%emt 0:00:11]} Nd7 {[%emt 0:00:00]} 4. O-O {[%emt 0:01:03]} Ngf6 {[%emt 0:00:05]} 5. Re1 {[%emt 0:01:04]} e6 {[%emt 0:00:50]} 6. c3 {[%emt 0:00:11]} Be7 {[%emt 0:02:57]} 7. d4 {[%emt 0:00:27]} cxd4 {[%emt 0:00:07]} 8. cxd4 {[%emt 0:00:04]} a6 {[%emt 0:00:08]} 9. Ba4 {[%emt 0:01:45]} b5 {[%emt 0:01:20]} 10. Bc2 {[%emt 0:04:11]} e5 {[%emt 0:00:10]} 11. Nbd2 {[%emt 0:04:21]} Bb7 {[%emt 0:00:15]} 12. Nf1 {[%emt 0:03:40]} O-O {[%emt 0:00:09]} 13. Ng3 {[%emt 0:00:49]} g6 {[%emt 0:01:28]} 14. Bh6 {[%emt 0:03:26]} Re8 {[%emt 0:02:12]} 15. Bb3 {[%emt 0:01:51]} Ng4 {[%emt 0:04:27]} 16. Bd2 {[%emt 0:11:06]} Rc8 {[%emt 0:09:45]} (16... exd4 $11 17. Nxd4 Nge5) 17. h3 {[%emt 0:00:17]} Ngf6 {[%emt 0:00:10]} 18. a4 {[%emt 0:13:23]} exd4 {[%emt 0:04:00] [#]} 19. axb5 $1 {[%emt 0:01:17]} ({Don't play} 19. Nxd4 $6 Qb6 $11) 19... Nc5 {[%emt 0:07:56]} (19... Qb6 $16 {might work better.}) 20. bxa6 {[%emt 0:06:55]} Bxa6 {[%emt 0:02:18]} 21. Nxd4 {[%emt 0:03:27]} Qb6 {[%emt 0:00:05]} 22. Ba5 {[%emt 0:07:21]} Qb7 {[%emt 0:00:39]} 23. Bc3 {[%emt 0:03:36]} h5 {[%emt 0:03:57]} 24. Bc2 {[%emt 0:03:47]} Bc4 {[%emt 0:08:29] [#]} 25. Nf3 $2 {[%emt 0:03:32]} (25. Ndf5 $1 $18 {[%mdl 512]}) 25... Rcd8 $2 {[%emt 0:05:19]} (25... Bb3 $16 {was worth a try.}) 26. Qd2 {[%emt 0:04:10]} d5 $2 {[%emt 0:03:23]} (26... Bb3 {was called for.} 27. Bxb3 Nxb3) 27. Qh6 $2 {[%emt 0:03:44]} (27. exd5 Nxd5 28. Qh6 Nxc3 29. Bxg6 (29. bxc3 Bf8 $14) 29... fxg6 30. Qxg6+ Kf8 31. Nxh5) 27... Ne6 {[%emt 0:15:35]} 28. exd5 {[%emt 0:01:42]} Bf8 {[%emt 0:01:12]} 29. Qc1 {[%emt 0:08:01]} Nxd5 {[%emt 0:00:23]} 30. Be5 {[%emt 0:01:52]} (30. Ba4 $16) 30... Rc8 {[%emt 0:02:00]} 31. Qd2 {[%emt 0:01:16]} Red8 $1 {[%emt 0:02:50]} 32. Nd4 {[%emt 0:00:36]} Nxd4 {[%emt 0:02:58]} 33. Bxd4 {[%emt 0:00:39]} Nb4 {[%emt 0:00:24]} 34. Bxg6 {[%emt 0:00:24]} fxg6 {[%emt 0:00:06]} 35. Qf4 {[%emt 0:00:23]} Qf7 {[%emt 0:01:26]} 36. Qh4 {[%emt 0:00:22]} Rxd4 {[%emt 0:02:23]} 37. Qxd4 {[%emt 0:00:05]} Bc5 {[%emt 0:00:05]} 38. Qd2 {[%emt 0:00:10]} Nd3 {[%emt 0:00:33]} 39. Re2 {[%emt 0:00:19]} Rb8 {[%emt 0:00:41]} 40. Rb1 {[%emt 0:00:17]} Rf8 {[%emt 0:01:23]} 41. Ne4 {[%emt 0:00:05] [#]} Nf4 $1 {[%emt 0:02:53]} 42. Nxc5 $19 {[%emt 0:00:12]} (42. Ree1 $17 Qb7 43. b4) 42... Nxe2+ {[%emt 0:00:02]} 43. Kh1 {[%emt 0:00:13]} Qxf2 {[%emt 0:00:19]} 44. Nd7 {[%emt 0:00:01]} Ng3+ {[%emt 0:00:03]} 45. Kh2 {[%emt 0:00:03]} Qxd2 {[%emt 0:00:01]} 0-1

[Event "Gibraltar Challengers A 2020"]
[Site "Caleta"]
[Date "2020.01.21"]
[Round "3.32"]
[White "Rakotomaharo, Yves Andre"]
[Black "Garcia-Blazquez Perez, Manuel"]
[Result "1-0"]
[WhiteElo "2020"]
[BlackElo "1825"]
[Annotator "NA RC"]
[PlyCount "91"]
[EventDate "2020.01.20"]
[EventType "swiss"]
[EventCountry "GGB"]
[SourceTitle "playchess.com"]
[Source "ChessBase"]
[SourceQuality "1"]
[TimeControl "6600+10"]

1. d4 {[%emt 0:39:42]} f5 {[%emt 0:00:00]} 2. Nc3 {[%emt 0:00:29]} Nf6 {[%emt 0:00:00]} 3. Bg5 {[%emt 0:00:23]} e6 {[%emt 0:00:03]} 4. f3 {[%emt 0:01:53]} (4. e4 fxe4 5. Nxe4 Be7 6. Bxf6 Bxf6 7. Nf3 Nc6 8. c3 O-O 9. Bd3 d6 10. Qc2 h6 11. O-O g5 12. Qe2 Bd7 13. Nfd2 e5 14. d5 Ne7 15. Nxf6+ Rxf6 16. Ne4 Rf7 17. Rad1 a5 18. Bb1 {0-1 (37) Zherebukh,Y (2595)-Kamsky,G (2675) Las Vegas 2016}) 4... Be7 {[%emt 0:00:08]} 5. e4 {[%emt 0:03:42]} fxe4 {[%emt 0:01:04]} 6. fxe4 {[%emt 0:00:15] A80: Dutch Defence: Unusual White second moves} O-O {[%emt 0:04:51]} 7. Nf3 {[%emt 0:01:16]} d5 {[%emt 0:10:07]} 8. e5 $146 {[%emt 0:05:20]} ({Predecessor:} 8. Bd3 c5 9. dxc5 Nxe4 10. Bxe7 Nxc3 11. Bxd8 Nxd1 12. Rxd1 Rxd8 {½-½ (41) Von Spreckelsen,A-Beyer,H Hamburg 1963}) 8... Ne4 {[%emt 0:00:25]} 9. Bxe7 {[%emt 0:01:57]} Qxe7 {[%emt 0:06:56]} 10. Bd3 {[%emt 0:07:56]} Nxc3 {[%emt 0:04:00]} 11. bxc3 {[%emt 0:00:25]} c5 {[%emt 0:00:09]} 12. dxc5 {[%emt 0:13:06]} Qxc5 {[%emt 0:01:29]} 13. Qd2 {[%emt 0:00:53]} Nc6 {[%emt 0:03:15]} 14. Ke2 {[%emt 0:02:04]} Na5 {[%emt 0:02:43]} 15. Qe3 {[%emt 0:00:58]} b6 {[%emt 0:02:01]} 16. Nd4 {[%emt 0:04:38]} Bd7 {[%emt 0:00:19]} 17. Rhf1 {[%emt 0:02:32]} Nc4 {[%emt 0:00:24]} 18. Qh3 {[%emt 0:02:06]} g6 {[%emt 0:01:42]} 19. Qg3 {[%emt 0:03:39]} Qc7 {[%emt 0:01:31]} 20. Nf3 {[%emt 0:05:32]} Rf7 {[%emt 0:01:49]} 21. h4 {[%emt 0:03:21] [#]} Rg7 $1 {[%emt 0:06:36]} 22. Rae1 {[%emt 0:02:57]} Rf8 {[%emt 0:00:40]} 23. Kd1 {[%emt 0:00:29] [#]} (23. Nd4 $15) 23... Nb2+ $1 {[%emt 0:00:51] Discovered Attack} 24. Kd2 {[%emt 0:00:01]} Na4 {[%emt 0:02:35]} 25. Ng5 {[%emt 0:03:39]} Qxc3+ {[%emt 0:00:21]} 26. Ke2 {[%emt 0:00:03]} Rxf1 {[%emt 0:14:24]} 27. Rxf1 {[%emt 0:00:44]} Qc8 {[%emt 0:09:11]} 28. Qf4 $1 {[%emt 0:01:03]} Nc5 {[%emt 0:00:25]} 29. Nf7 {[%emt 0:00:16]} h5 {[%emt 0:04:37]} 30. Nd6 {[%emt 0:01:27]} Nxd3 {[%emt 0:00:33]} 31. cxd3 {[%emt 0:00:17]} Qc2+ {[%emt 0:00:48]} 32. Ke1 {[%emt 0:00:36]} Qxd3 {[%emt 0:02:45]} 33. Rf3 {[%emt 0:00:17]} Qb1+ {[%emt 0:00:27]} 34. Kf2 {[%emt 0:00:10]} Qxa2+ {[%emt 0:02:03]} 35. Kg3 {[%emt 0:00:07]} Qe2 {[%emt 0:00:18]} 36. Qf8+ {[%emt 0:00:11]} Kh7 {[%emt 0:00:05]} 37. Nf7 {[%emt 0:00:02]} Qe1+ {[%emt 0:01:16]} 38. Rf2 {[%emt 0:00:44]} Qe3+ {[%emt 0:11:23]} 39. Kh2 {[%emt 0:00:22]} Rg8 {[%emt 0:00:10]} 40. Ng5+ {[%emt 0:00:14]} Qxg5 {[%emt 0:01:31]} 41. Qf7+ {[%emt 0:00:17] Double Attack} Rg7 $18 {[%emt 0:00:04]} 42. hxg5 {[%emt 0:00:10]} Rxf7 {[%emt 0:00:11]} 43. Rxf7+ {[%emt 0:00:01]} Kg8 {[%emt 0:05:52]} 44. Rxd7 {[%emt 0:00:02]} Kf8 {[%emt 0:00:09]} 45. Rxa7 {[%emt 0:00:03]} b5 {[%emt 0:00:22]} 46. Kg3 {[%emt 0:00:02]} 1-0

[Event "Gibraltar Challengers A 2020"]
[Site "Caleta"]
[Date "2020.01.21"]
[Round "3.34"]
[White "Auvinen, Esa"]
[Black "Perez Ruiz, Santiago"]
[Result "0-1"]
[WhiteElo "1850"]
[BlackElo "1953"]
[Annotator "NA RC"]
[PlyCount "124"]
[EventDate "2020.01.20"]
[EventType "swiss"]
[EventCountry "GGB"]
[SourceTitle "playchess.com"]
[Source "ChessBase"]
[SourceQuality "1"]
[TimeControl "6600+10"]

1. e4 {[%emt 0:00:00]} e5 {[%emt 0:07:25]} 2. Nf3 {[%emt 0:01:57]} Nc6 {[%emt 0:00:09]} 3. Bb5 {[%emt 0:00:06]} a6 {[%emt 0:00:09]} 4. Bxc6 {[%emt 0:00:08]} dxc6 {[%emt 0:00:08]} 5. d4 {[%emt 0:00:05]} exd4 {[%emt 0:05:51]} 6. Qxd4 {[%emt 0:00:13]} Bg4 {[%emt 0:02:40]} 7. Bf4 {[%emt 0:06:31] C68: Ruy Lopez: Exchange Variation, sidelines} (7. Qxd8+ Rxd8 8. Bg5 f6 9. Be3 Bxf3 10. gxf3 {½-½ (10) Drasko,M (2418)-Lazic,M (2420) Brixen Bressanone 2019}) 7... Qxd4 {[%emt 0:05:03]} 8. Nxd4 {[%emt 0:00:20]} O-O-O {[%emt 0:00:13]} 9. Ne2 {[%emt 0:00:24]} Ne7 $146 {[%emt 0:01:02]} ({Predecessor:} 9... Bb4+ 10. c3 Bc5 11. f3 Be6 12. Nd2 Ne7 13. Nb3 Bb6 14. Ned4 Bc4 {½-½ (59) Gorbacz,D-Korpalska,J (1508) Sielpia 2009}) 10. f3 {[%emt 0:00:44]} Be6 {[%emt 0:00:18]} 11. Nbc3 {[%emt 0:00:47]} h5 {[%emt 0:00:29]} 12. Kf2 {[%emt 0:02:11]} Ng6 {[%emt 0:00:24]} 13. Be3 {[%emt 0:00:39]} Ne5 {[%emt 0:02:09]} 14. b3 {[%emt 0:00:27]} f6 {[%emt 0:01:52]} 15. Rhd1 {[%emt 0:01:37]} Bd6 {[%emt 0:03:55]} 16. Rd2 {[%emt 0:01:31]} g5 {[%emt 0:01:14]} 17. Rad1 {[%emt 0:00:34]} Rdg8 {[%emt 0:08:59]} (17... h4 $11 {keeps the balance.}) 18. Na4 {[%emt 0:01:05]} (18. Rxd6 $16 cxd6 19. Rxd6) 18... f5 {[%emt 0:02:17]} (18... Nd7 $11 {keeps the balance.}) 19. Bc5 {[%emt 0:01:25]} (19. Nb6+ $16 Kb8 20. Rxd6 cxd6 21. Rxd6) 19... fxe4 {[%emt 0:10:32]} 20. Bxd6 {[%emt 0:02:33]} cxd6 {[%emt 0:00:59]} 21. Rxd6 {[%emt 0:02:13]} exf3 {[%emt 0:11:15]} 22. Rxe6 {[%emt 0:02:09]} Ng4+ {[%emt 0:03:04]} (22... fxe2 $11 {keeps the balance.} 23. Re1 Re8 24. Rxe8+ Rxe8) 23. Kg3 {[%emt 0:01:49]} (23. Kxf3 $16 Rf8+ 24. Kg3) 23... fxe2 {[%emt 0:01:55]} 24. Rxe2 {[%emt 0:00:02]} Rf8 {[%emt 0:01:13]} 25. c4 {[%emt 0:05:06]} Nf2 {[%emt 0:01:59]} 26. Rxf2 {[%emt 0:03:53]} h4+ {[%emt 0:00:15]} 27. Kh3 {[%emt 0:00:45]} Rxf2 {[%emt 0:00:19]} 28. Nc3 {[%emt 0:00:45]} g4+ {[%emt 0:03:33]} 29. Kxg4 {[%emt 0:00:13]} Rg8+ {[%emt 0:00:17]} 30. Kxh4 {[%emt 0:00:44]} Rfxg2 {[%emt 0:00:29]} 31. Kh3 {[%emt 0:00:53]} Rc2 {[%emt 0:07:17]} 32. Rd3 {[%emt 0:00:50]} Rh8+ {[%emt 0:00:12]} 33. Kg3 {[%emt 0:01:04]} Rcxh2 {[%emt 0:00:16]} 34. Kf4 {[%emt 0:00:34]} Rg2 {[%emt 0:02:26]} 35. c5 {[%emt 0:11:10]} Re8 {[%emt 0:01:42]} 36. Ne4 {[%emt 0:05:14]} Rf8+ {[%emt 0:00:41]} 37. Ke5 {[%emt 0:00:44]} Rxa2 {[%emt 0:01:18]} 38. Nd6+ {[%emt 0:00:25]} Kc7 {[%emt 0:01:23]} 39. Rh3 {[%emt 0:01:29]} Re2+ {[%emt 0:00:31]} 40. Kd4 {[%emt 0:00:10]} Re7 {[%emt 0:02:32]} 41. Nc4 {[%emt 0:01:40]} Rd8+ {[%emt 0:00:47]} 42. Kc3 {[%emt 0:00:16]} Rd5 {[%emt 0:00:54]} 43. b4 {[%emt 0:01:41]} Rg7 {[%emt 0:00:24]} 44. Nb6 {[%emt 0:00:47]} Rdg5 {[%emt 0:00:32]} 45. Rh8 {[%emt 0:00:47]} Rg3+ {[%emt 0:00:35]} 46. Kb2 {[%emt 0:00:52]} Rg8 {[%emt 0:00:05]} 47. Rh7+ {[%emt 0:00:35]} R3g7 {[%emt 0:00:15]} 48. Rh6 {[%emt 0:01:09]} Rf8 {[%emt 0:00:20]} 49. Kb3 {[%emt 0:01:23]} Rf3+ {[%emt 0:00:44]} 50. Ka4 {[%emt 0:00:35]} Rg2 {[%emt 0:01:50]} 51. Rh7+ {[%emt 0:00:49]} Kd8 {[%emt 0:00:13]} 52. Rh8+ {[%emt 0:00:41]} Ke7 {[%emt 0:00:16]} 53. Nc8+ {[%emt 0:00:10]} Ke6 {[%emt 0:02:00]} 54. Ka5 {[%emt 0:00:52]} Rb2 {[%emt 0:01:49]} 55. Rh4 {[%emt 0:01:56]} Ra3+ {[%emt 0:01:49]} 56. Kb6 {[%emt 0:00:16]} a5 $19 {[%emt 0:00:10]} 57. Kxb7 {[%emt 0:07:14]} Rxb4+ {[%emt 0:00:15]} 58. Rxb4 {[%emt 0:00:06]} axb4 {[%emt 0:00:11]} 59. Nb6 {[%emt 0:00:55]} b3 {[%emt 0:01:42]} 60. Nc4 {[%emt 0:00:15]} Ra4 {[%emt 0:00:23]} 61. Nd2 {[%emt 0:00:31]} Kd5 {[%emt 0:00:15]} 62. Kc7 {[%emt 0:00:35]} Rb4 {[%emt 0:00:26]} 0-1